| 000 | 00728nam a2200265 a 4500 | ||
|---|---|---|---|
| 999 |
_c7701 _d7701 |
||
| 001 | 743 | ||
| 003 | BD-DhUAP | ||
| 005 | 20210128154704.0 | ||
| 008 | 210128s1995 enka 001 0 eng d | ||
| 020 | _a0521498554 | ||
| 040 |
_aUk _cUk _dBD-DhUAP _beng |
||
| 082 | 0 | 4 |
_a574 GRE _223 |
| 100 | 1 | _aGreen, N. P. O. | |
| 245 | 0 | 0 |
_aBiological science / _cN. P. O. Green, G. W. Stout and D. J. Taylor ; edited by R. Soper. |
| 250 | _a2nd ed. | ||
| 260 |
_aCambridge : _bCambridge University Press, _c1995. |
||
| 300 |
_avii,472p. : _bill. ; _c28cm. |
||
| 504 | _aIncludes index. | ||
| 650 | 0 | _aBiology. | |
| 700 | 1 | _aStout, G. W. | |
| 700 | _aTaylor, D. J. | ||
| 700 | _aSoper, R. | ||
| 942 |
_2ddc _cBK |
||